Statistics for US States That Begin And End In A Vowel

Click here to take the quiz!

General Stats

  • This quiz has been taken 64 times
  • The average score is 7 of 8

Answer Stats

Answer% Correct
Alabama
98%
Ohio
97%
Alaska
93%
Arizona
91%
Indiana
90%
Iowa
90%
Idaho
72%
Oklahoma
72%

Score Distribution

Percentile by Number Answered

Percent of People with Each Score

Your Score History

You have not taken this quiz